三重県の難読地名 30コ - Statistics

General Stats
  • This quiz has been taken 74 times
  • The average score is 5 of 30
Answer Stats
漢字 回答 % Correct
尾鷲 おわせ
91%
木曾岬 きそさき
76%
員弁 いなべ
71%
朝熊 あさま
50%
海山道 みやまど
45%
長太 なご
32%
河曲 かわの
30%
朝明 あさけ
20%
阿保 あお
18%
城田 きだ
15%
村主 すぐり
15%
戸木 へき
14%
石榑 いしぐれ
11%
相差 おうさつ
11%
波切 なきり
9%
国崎 くざき
6%
宮後 みやじり
6%
友生 ともの
6%
石鏡 いじか
5%
才良 ざいりょう
3%
高向 たかぶく
3%
氏底 しで
3%
佐八 そうち
3%
猿野 ましの
2%
弟国 おおぐに
2%
深長町 ふこさちょう
0%
大滝 おおだい
0%
真泥 みどろ
0%
枅川 ひじきがわ
0%
徳居町 とくすいちょう
0%
No matching quizzes found
Score Distribution
Percent of People with Each Score
Percentile by Number Answered
Your Score History
You have not taken this quiz